| 000 | 01094nam a2200301 i 4500 | ||
|---|---|---|---|
| 001 | 35861 | ||
| 003 | BD-RjUL | ||
| 005 | 20211209052407.0 | ||
| 008 | 140610s1963 ctu b 001 0deng d | ||
| 020 | _a0837179696 | ||
| 035 | _a(BD-RjUL)35957 | ||
| 040 |
_aDLC _cDLC _dDLC _dBD-RjUL _beng |
||
| 041 | _aeng | ||
| 082 | 0 | 0 |
_a320.941073 _bBOL 1963 |
| 100 | 1 |
_aBoulton, James T. _9109215 |
|
| 245 | 1 | 4 |
_aThe language of politics in the age of Wilkes and Burke / _cby James T. Boulton. |
| 260 |
_aWestport, Conn. : _bGreenwood Press, _c c1963. |
||
| 300 |
_axiii, 282 p. ; _c22 cm. |
||
| 500 | _aReprint of the ed. published by Routledge & K. Paul, London, in series: Studies in political history. | ||
| 504 | _aIncludes bibliographical references and index. | ||
| 600 | 1 | 0 |
_aWilkes, John, _d1725-1797. _9109220 |
| 600 | 1 | 0 |
_aBurke, Edmund, _d1729-1797. _9109221 |
| 650 | 0 |
_aPolitical science _zGreat Britain _xHistory _y18th century. _978304 |
|
| 651 | 0 |
_aGreat Britain _xPolitics and government _y1760-1820. _976224 |
|
| 942 |
_2ddc _cBK |
||
| 999 |
_c35861 _d35861 |
||